| 000 | 01356nam a2200397 i 4500 | ||
|---|---|---|---|
| 001 | 10483 | ||
| 003 | KOSZ 005 | ||
| 005 | 20230209145636.0 | ||
| 008 | 961010s1969 pl f |000 0 pol d | ||
| 040 |
_cKOSZ 005 _aKOSZ 005 _dKOSZ 005/HR |
||
| 041 | _apol | ||
| 046 | _k1969 | ||
| 080 | _a528 | ||
| 080 | _a347.235(438) | ||
| 080 | _a349.44(438) | ||
| 100 | 1 |
_aKulczycki, Władysław. _eAutor |
|
| 245 | 0 |
_aPrawoznawstwo i ustawodawstwo geodezyjne / _cW. Kulczycki, E. Reński. |
|
| 260 |
_aWarszawa : _bWydawnictwa Szkolne i Pedagogiczne, _c1969. |
||
| 300 |
_a250 s. : _bil. ; _c21 cm. |
||
| 336 |
_2rdacontent _aTekst _btxt |
||
| 337 |
_2rdamedia _aBez urządzenia pośredniczącego _bn |
||
| 338 |
_2rdacarrier _aWolumin _bnc |
||
| 380 | _aKsiążki | ||
| 380 | _aPublikacje dydaktyczne | ||
| 385 |
_mPoziom nauczania _aSzkoły zawodowe |
||
| 388 | _a1901-2000 | ||
| 388 | _a1945-1989 | ||
| 650 | _aPrawo geodezyjne i kartograficzne | ||
| 651 | 7 | _aPolska | |
| 655 | 7 | _aPodręczniki dla szkół zawodowych | |
| 658 | _aPrawo i wymiar sprawiedliwości | ||
| 700 | 1 |
_aReński, Edmund _d(1912-1992) _eAutor |
|
| 710 | _aWydawnictwa Szkolne i Pedagogiczne | ||
| 856 |
_uhttp://koha.tu.koszalin.pl/cgi-bin/koha/opac-detail.pl?biblionumber=10483 _yKatalog online BPK |
||
| 942 |
_cKS _2UKD |
||
| 999 |
_c10483 _d10483 |
||